El Abencerraje (Novela y romancero)

Enregistré dans:
Détails bibliographiques
Auteur principal: López Estrada, Francisco (editor)
Format: Inconnue
Langue:anglais
Publié: Madrid, España Cátedra 2020
Édition:21a. edición
Collection:Letras Hispánicas
Sujets:
Tags: Ajouter un tag
Pas de tags, Soyez le premier à ajouter un tag!

MARC

LEADER 00000 a2200000 4500
003 CL-VaPUC
005 20210730120243.0
008 210616b ||||| |||| 00| 0 eng d
999 |c 433134  |d 433132 
020 |a 978-84-376-0238-7 
040 |c Pontificia Universidad Católica de Valparaíso 
082 |a 863 LOP 2020 
100 |a López Estrada, Francisco (editor)  |9 861436 
245 |a El Abencerraje (Novela y romancero) 
250 |a 21a. edición  
260 |a Madrid, España   |b Cátedra  |c 2020 
300 |a 260 páginas  
440 |a Letras Hispánicas   |9 861437 
583 |k Cristina Rojas  |c 20210617 
650 0 |a Novelas españolas  |9 265052 
942 |2 ddc  |c BK 
952 |0 0  |1 0  |2 ddc  |4 0  |6 863_000000000000000_LOP_2020  |7 0  |8 A  |9 578187  |a BIBEDU  |b BIBEDU  |d 2021-06-16  |e 3  |g 0.00  |i 5584752  |o 863 LOP 2020  |p 5584752  |r 2021-06-16  |t 1  |v 0.00  |w 2021-06-16  |y BK  |k LIT